000 00929cam a2200265 a 4500
001 3507908
003 NUST - PNEC
005 20170116181139.0
008 951122s1996 enka e 000 0 eng
010 _a 95047346
020 _a0632040564
040 _aDLC
_cLIBRARY
_dDLC
050 0 0 _aTH6109
_b.T74 1996
082 0 0 _a696.1 TRE
_220
100 1 _aTreloar, Roy.
245 1 0 _aPlumbing encyclopaedia /
_cR.D. Treloar.
250 _a2nd ed.
260 _aMalden, MA :
_bBlackwell Pub.,
_c1996.
300 _avi, 568 p. :
_bill. ;
_c24 cm.
500 _aRev. ed. of: Mechanical engineering services, a plumbing encyclopedia. 1989.
650 0 _aPlumbing
_xEncyclopedias.
700 1 _aTreloar, Roy.
_tMechanical engineering services, a plumbing encyclopedia.
942 _2ddc
_cBK
999 _c70372
_d70372